000 00474nam a2200181Ia 4500
008 090124s9999 xx 000 0 und d
082 _b128382
100 _aचिखले सुरेश
245 _a पिरॅमिड
250 _a1
260 _c1998
300 _a203
600 _aचिखले सुरेश
630 _a पिरॅमिड
700 _aचिखले सुरेश
730 _a पिरॅमिड
942 _cBOOK
999 _c174471
_d174471